000 00805nam a2200241 a 4500
001 1638539
005 20180201080950.0
008 960808s1996 wiuab b 000 0 eng
010 _a 96085124
020 _a0891181318
040 _aDLC
_cDLC
041 _aeng
043 _as-cl---
080 _a631.5814 cro
082 0 0 _a631.5814 cro
_221
100 1 _a9
101 _amje
245 1 0 _aStubble over the soil :
_cCarlos Crovetto Lamarca.
504 _aIncludes bibliographical references.
906 _a7
_bcbc
_corignew
_d2
_eopcn
_f19
_gy-gencatlg
942 _2ddc
_cBK
999 _c41538
_d41538